000
00222 a2200097 4500
001
40963
100
_a
Abdul Qadir Jilani
245
_a
Ghanitut Talabeen
260
_a
Lahore
_b
Maqtiba-i-Rehamina
_c
090
_c
25199
_d
25199
942
_a
NUST-CAE
_c
M
_c
16890
999
_c
276036
_d
276036